BUBT Library Online Catalog

Cost accounting : (Record no. 151)

000 -LEADER
fixed length control field 00718nam a22002297a 4500
003 - CONTROL NUMBER IDENTIFIER
control field BUBTL
008 - FIXED-LENGTH DATA ELEMENTS--GENERAL INFORMATION
fixed length control field 140128b xxu||||| |||| 00| 0 eng d
020 ## - INTERNATIONAL STANDARD BOOK NUMBER
International Standard Book Number 8120317076
082 ## - DEWEY DECIMAL CLASSIFICATION NUMBER
Classification number 657.42/ H7845a/ 2001
100 ## - MAIN ENTRY--PERSONAL NAME
9 (RLIN) 31
Personal name Horngren, Charles T.
245 ## - TITLE STATEMENT
Title Cost accounting :
Remainder of title a managerial emphasis /
Statement of responsibility, etc. Charles T. Horngren, George Foster, and Srikant M. Datar
250 ## - EDITION STATEMENT
Edition statement 10th ed.
260 ## - PUBLICATION, DISTRIBUTION, ETC. (IMPRINT)
Place of publication, distribution, etc. New Delhi
Name of publisher, distributor, etc. Prentice Hall,
Date of publication, distribution, etc. c2001
300 ## - PHYSICAL DESCRIPTION
Extent [xxii], 906p . :
Other physical details ill. Graph ; 28cm .
500 ## - GENERAL NOTE
General note Includes Index .
650 #0 - SUBJECT ADDED ENTRY--TOPICAL TERM
9 (RLIN) 51
Topical term or geographic name as entry element Cost Accounting
700 ## - ADDED ENTRY--PERSONAL NAME
9 (RLIN) 32
Personal name Foster, George
700 ## - ADDED ENTRY--PERSONAL NAME
9 (RLIN) 33
Personal name Datar, Srikant M.
856 ## - ELECTRONIC LOCATION AND ACCESS
Password 0
Logon 0
Link text Download
942 ## - ADDED ENTRY ELEMENTS (KOHA)
Source of classification or shelving scheme
Koha item type Books
Holdings
Withdrawn status Lost status Source of classification or shelving scheme Damaged status Not for loan Permanent location Current location Date acquired Inventory number Total Checkouts Full call number Date last seen Price effective from
          Bangladesh University of Business and Technology Library Bangladesh University of Business and Technology Library 04/23/2015 502   657.42 04/23/2015 04/23/2015
          Bangladesh University of Business and Technology Library Bangladesh University of Business and Technology Library 04/23/2015 503   657.42 04/23/2015 04/23/2015
          Bangladesh University of Business and Technology Library Bangladesh University of Business and Technology Library 04/23/2015 504   657.42 04/23/2015 04/23/2015
          Bangladesh University of Business and Technology Library Bangladesh University of Business and Technology Library 04/23/2015 505   657.42 04/23/2015 04/23/2015
          Bangladesh University of Business and Technology Library Bangladesh University of Business and Technology Library 04/23/2015 506   657.42 04/23/2015 04/23/2015
          Bangladesh University of Business and Technology Library Bangladesh University of Business and Technology Library 04/23/2015 507   657.42 04/23/2015 04/23/2015
          Bangladesh University of Business and Technology Library Bangladesh University of Business and Technology Library 04/23/2015 508   657.42 04/23/2015 04/23/2015
          Bangladesh University of Business and Technology Library Bangladesh University of Business and Technology Library 04/23/2015 509   657.42 04/23/2015 04/23/2015
          Bangladesh University of Business and Technology Library Bangladesh University of Business and Technology Library 04/23/2015 510   657.42 04/23/2015 04/23/2015

More Information About Library

Library Hours

  • Open: 9.00 am. to 9.00 pm.
  • Only Sunday: 9.00 am. to 6.00 pm.
  • Closed: Holiday

Contact to the University

Bangladesh University of Business and Technology Library

  • Mirpurl-2, 1216.
  • Phone:
  • Fax:
  • E-Mail: admin.library@bubt.edu.bd

Contact to the Library

Contact Person:

Md. Abdul Hakim Shah
Joint Librarian
PABX No:  113
Cell No: 01816332931
E-mail: official: admin.library@bubt.edu.bd
Personal: hakim.shah@bubt.edu.bd


BUBT Library

Copyright © 2021